000 00560nam a2200181Ia 4500
005 20250507130206.0
008 008 250505s9999 xx 000 0 eng d
037 _aSeries Article
040 _aEASL
_beng
_cEASL
041 _aeng
_2eng
084 _qEASL
100 _aFung Edmund S.K
_9755026
245 0 _aChiang kaishek's last ambassador to Moscow:the wartime diaries of Fu Bingchang
260 _aAustralia
_bCanberra Australian National University Australia
_c2012
650 _aHistory
942 _cSRA
999 _c1318235
_d1318235